| 000 | 01505nam a22002177a 4500 | ||
|---|---|---|---|
| 999 |
_c60040 _d60040 |
||
| 003 | Ge_BSU | ||
| 005 | 20230531153233.0 | ||
| 008 | 230531s1981 ge ||||| |||| 00| 0 geo d | ||
| 041 | _ageo | ||
| 080 | _a902.2(479.221.1) მ-97 | ||
| 245 |
_aმცხეთა : _bარქეოლოგიური კვლევა-ძიების შედეგები. ტ. 5. წ. 1-2, სამთავროს სამაროვნის წინაანტიკური ხანის არქეოლოგიური ძეგლები. მცხეთა-1977-78 წლების საველე-არქეოლოგიური კვლევა-ძიების შედეგები / _c ალ. კალანდაძე ; საქ. სსრ მეცნ. აკად., ივ. ჯავახიშვილის სახ. ისტორიის ინ-ტი. |
||
| 264 |
_aთბილისი : _bმეცნიერება, _c1981. |
||
| 300 |
_a200 გვ. : _b40 ფ. ილ.; _c22 სმ. |
||
| 501 | _a ლიტ. სია: გვ.179 (25 სხწ.). | ||
| 520 | _aრეზ. რუს. | ||
| 653 | _aმცხეთის არქეოლოგიური გათხრები. | ||
| 653 | _aსამარხები საქართველოში | ||
| 653 | _aსამთავროს სამაროვანი. | ||
| 700 |
_aკალანდაძე, ალ. _eატორი _93442 |
||
| 942 |
_2udc _cBK |
||